El arte de convencer : Pablo Iglesias /

Gorde:
Xehetasun bibliografikoak
Egile nagusia: Alcaraz, María (autor)
Formatua: Liburua
Hizkuntza:gaztelania
Argitaratua: Madrid, España : Ediciones Irreverentes, 2015, c2015
Saila:(Rara Avis Irreverentes) [s.n.]
Gaiak:
Etiketak: Etiketa erantsi
Etiketarik gabe, Izan zaitez lehena erregistro honi etiketa jartzen!

MARC

LEADER 00000nam^a2200000^a^4500
001 000365298
005 20250521000000.0
009 20260310115639.444
020 |a 978-84-16107-40-7 
037 |a Acervo ITESO - Biblioteca 
041 |a ESP 
082 |a 320. 9460837  |b ALC 
100 |a Alcaraz, María  |e (autor) 
245 1 3 |a El arte de convencer :  |b Pablo Iglesias /  |c M. Alcaraz. 
264 4 |a Madrid, España :  |b Ediciones Irreverentes,  |c 2015, c2015 
300 |a 125 p. 
336 |a texto  |b txt  |2 rdacontenido 
337 |a sin mediación  |b n  |2 rdamedio 
338 |a volumen  |b nc  |2 rdasoporte 
440 1 |a (Rara Avis Irreverentes) [s.n.] 
649 |a XX 
650 |a Políticos Españoles 
650 |a Partidos Políticos -  |z España -  |x Historia -  |y 2011-2018 
650 |a Análisis del Discurso 
650 |a Discurso Político 
650 |a Persuasión Política 
650 |a Retórica -  |x Tema Principal 
650 |a Comunicación y Política -  |z España -  |x Historia -  |y 2011-2018 
650 |a Política -  |z España -  |x Historia -  |y 2011-2018 -  |x Tema Principal 
650 |a Política -  |z España -  |x Historia -  |y Juan Carlos I, 1975-2014 
650 |a Política -  |z España -  |x Historia -  |y Siglo XXI 
650 |a Iglesias Turrión, Pablo -  |x Tema Principal 
650 |a Podemos (Partido Político) 
910 |a Fondo General 
920 |a Impresos - Libros 
930 |a Colección General 
905 |a 101 
901 |a 0500258927  |b IT1  |c ACC  |i C148742  |u 20250521 
902 |a https://opac.biblio.iteso.mx/vufind/Record/000365298